| 000 | 00543nam a2200193Ia 4500 | ||
|---|---|---|---|
| 008 | 140626s9999 xx 000 0 und d | ||
| 100 | _aEpp, Amber.. | ||
| 245 |
_aDesigning solutions around customer network identity goals / _cAmber Epp ... [et al.]. |
||
| 260 | _cc2011. | ||
| 300 | _a75 : 2, page 36 | ||
| 440 | _aJournal of Marketing | ||
| 521 | _aBSBA | ||
| 650 | _aCustomer networks. | ||
| 650 | _aFamily decision making. | ||
| 650 | _aIdentity goals. | ||
| 650 | _aSolutions. | ||
| 650 | _aValue cocreation. | ||
| 942 | _cSE | ||
| 999 |
_c121094 _d121094 |
||